| 000 | 00451nam a2200193Ia 4500 | ||
|---|---|---|---|
| 005 | 20250603144537.0 | ||
| 008 | 250603s9999 xx 000 0 und d | ||
| 020 | _a9781640570979 | ||
| 050 | _aT 385 .T53/ | ||
| 100 | _aTickoo, Sham | ||
| 245 | 0 | _aAutocad electrical 2021 | |
| 250 | _a12th ed. | ||
| 260 | _aCADCIM technologies | ||
| 260 | _bcadcim | ||
| 260 | _c2021 | ||
| 300 | _a701 p | ||
| 650 | _aCADCIM technologies | ||
| 942 | _cBK | ||
| 999 |
_c39234 _d39234 |
||